|
|
|
|
| LEADER |
01549cas a2200241 a 4500 |
| 001 |
AALejournalIMF007362 |
| 008 |
230101c9999 xx r poo 0 0eng d |
| 020 |
|
|
|c 5.00 USD
|
| 020 |
|
|
|z 9781451840919
|
| 022 |
|
|
|a 1934-7685
|
| 040 |
|
|
|a BD-DhAAL
|c BD-DhAAL
|
| 110 |
2 |
|
|a International Monetary Fund.
|
| 245 |
1 |
0 |
|a South Africa :
|b Selected Economic Issues.
|
| 264 |
|
1 |
|a Washington, D.C. :
|b International Monetary Fund,
|c 1995.
|
| 300 |
|
|
|a 1 online resource (189 pages)
|
| 490 |
1 |
|
|a IMF Staff Country Reports
|
| 500 |
|
|
|a <strong>Off-Campus Access:</strong> No User ID or Password Required
|
| 500 |
|
|
|a <strong>On-Campus Access:</strong> No User ID or Password Required
|
| 506 |
|
|
|a Electronic access restricted to authorized BRAC University faculty, staff and students
|
| 520 |
3 |
|
|a This Selected Economic Issues paper examines economic developments in South Africa during 1993-94. After a cumulative fall of 3.5 percent between 1989 and 1992, GDP at market prices grew by 1.1 percent in 1993. The major contribution to growth came from the turnaround in the inventory cycle, with positive investment in inventories recorded for the first time since 1989. Private consumption expenditure remained subdued in 1993, rising by only 0.5 percent; by contrast, public consumption grew by 1.8 percent in 1993.
|
| 538 |
|
|
|a Mode of access: Internet
|
| 830 |
|
0 |
|a IMF Staff Country Reports; Country Report ;
|v No. 1995/021
|
| 856 |
4 |
0 |
|z Full text available on IMF
|u http://elibrary.imf.org/view/journals/002/1995/021/002.1995.issue-021-en.xml
|z IMF e-Library
|